01340nam a2200301 i 4500001001000000003000900010005001700019007000300036008004100039040003000080082001900110100004000129245010500169264005300274300002500327336002700352337003300379338002800412500006300440500004300503504003000546590002700576910001400603942001400617952014500631952024500776999001701021000039487DO-SdBNP20241120090854.0ta130703s2000 dr 000 0 spa d aDO-SdBNPbspacBNPHUerda 222axxxbL735r 4aut.aLinares, Manuel953454eautor13aEl reverso de la moneda :b1996-1998 : crisis externa y crecimiento de la pobreza /cManuel Linares. 1aSanto Domingo :bImpresos Computarizados,c2000. a97 páginasc22 cm. atextobtxt2rdacontent asin mediaciónbn2rdamedia avolumenbnc2rdacarrier aIncluye datos biográficos del autor en la contracubierta aIncluye notas al pie de las páginas. aBibliografía : p. 96-97 aInventariado, 2024/ YL aYLockward 2ddccLBS1 00102ddc51708PDaBNPHUbBNPHUcCTd2013-07-03eDonado por FundiiLF1l0o BNPHU PDp39487-10r2020-06-25w2020-06-25yLBS1ZNo se presta 00102ddc51708PDaBNPHUbBNPHUcCTd2023-12-01eDonado por la Presidencia de la República Dominicana 2023iLF1l0o BNPHU PDp2024-6550r2024-11-21te. 2w2024-11-21yLBS1zPerteneció a la biblioteca personal de Emilio Cordero Michel c38977d38977